Los derechos económico-sociales del hombre
Guardat en:
| Autors principals: | , |
|---|---|
| Format: | Llibre |
| Idioma: | espanyol |
| Publicat: |
Santiago
Salesianos
1986
|
| Matèries: | |
| Etiquetes: |
Afegir etiqueta
Sense etiquetes, Sigues el primer a etiquetar aquest registre!
|
MARC
| LEADER | 00000nam a2200000 a 4500 | ||
|---|---|---|---|
| 001 | UCO7966 | ||
| 003 | CL-VaPUC | ||
| 008 | 001124e19860000CL |||||||||||||||||spa|d | ||
| 082 | 0 | 4 | |a 323.46 |b FOX |2 21 |
| 100 | 0 | |a Foxley Ríoseco, Felipe |e author |9 452761 | |
| 700 | 0 | |a Rodríguez Grossi, Jorge |e author |9 452762 | |
| 245 | 1 | 4 | |a Los derechos económico-sociales del hombre |
| 300 | |a 141 p | ||
| 942 | |c BK | ||
| 945 | |d 20001124 00:00:00 |a crobeson | ||
| 260 | |a Santiago |b Salesianos |c 1986 | ||
| 500 | |a Donación del profesor Manfred Wilhelmy von Wolff | ||
| 650 | 0 | |a Derechos humanos |9 223025 | |
| 650 | 7 | |a DERECHOS ECONOMICOS |2 CL-VaPUC |9 408139 | |
| 650 | 0 | |a Derechos civiles y políticos |9 338684 | |
| 583 | |a last modification |c 20001124 00:00:00 |k Rodrigo Vera | ||
| 999 | |c 292779 |d 292777 | ||
| 952 | |0 0 |1 0 |4 0 |6 323_460000000000000_FOX_1986 |7 0 |8 A |9 343851 |a BIBHIS |b BIBHIS |d 2019-11-20 |i 1229842 |o 323.46 FOX 1986 |p 1229842 |r 2025-01-20 |w 2019-11-20 |y BK |k HIS | ||
| 952 | |0 0 |1 0 |4 0 |6 323_460000000000000_FOX_1986 |7 0 |8 A |9 343852 |a BIBHIS |b BIBHIS |d 2019-11-20 |i 1230646 |o 323.46 FOX 1986 |p 1230646 |r 2025-01-20 |w 2019-11-20 |y BK |k HIS | ||